Statistiques concernant Pôles verts de Centre-Val-de-Loire sur une carte

Cliquez ici pour prendre le quiz!

Statistiques générales

  • Ce quiz a été pris 31 fois
  • Le résultat moyen est 8 sur 9

Réponses sur la Carte

Les réponses sont colorées sur une échelle allant du rouge au vert en fonction du pourcentage des utilisateurs qui les ont devinées à leur premier essai. Vous pouvez retrouver ces pourcentages ci-dessous.
 

Statistiques - réponses

NiveauVille% Correct
3Chartres
100%
3Blois
97%
4Bourges
97%
4Orléans
97%
4Tours
97%
3Châteauroux
90%
3Dreux
69%
3Montargis
66%
3Vierzon
66%

Distribution des résultats

Percentile par nombre de réponses

% des personnes avec chaque résultat

Votre développement - résultats

Vous n’avez pas pris ce quiz